| 000 | 00409nam a22001577a 4500 | ||
|---|---|---|---|
| 999 |
_c15663 _d15663 |
||
| 003 | OSt | ||
| 008 | 190524b ||||| |||| 00| 0 eng d | ||
| 020 | _a9789387866768 | ||
| 082 |
_a894.812 3 _bKUM/TH |
||
| 100 |
_aKumaran, U K _94153 |
||
| 245 | _aThakshankunnu Swaroopam | ||
| 250 | _a15th ed. | ||
| 260 |
_aKottayam _bSahithyaPravarthaka Co- operative Society Ltd. _c2018 |
||
| 300 | _a503 p. | ||
| 942 | _cBK | ||